Statistiques concernant Liste Disney Numéroté

Cliquez ici pour prendre le quiz!

Statistiques générales

  • Ce quiz a été pris 229 fois
    (158 depuis la dernière actualisation)
  • Le résultat moyen est 54 sur 127

Statistiques - réponses

Année de sortieFilm% Correct
141950Cendrillon
91%
11938Blanche-Neige et les sept nains
90%
31946Fantasia
81%
361992La belle et la bête
81%
21946Pinocchio
81%
181959La belle au bois dormant
79%
1092013La reine des neiges
77%
381994Le roi lion
75%
171955La belle et le clochard
74%
331990La petite sirène
74%
51947Bambi
72%
41947Dumbo
72%
481998Mulan
72%
161953Peter Pan
72%
1012010Raiponce
72%
371993Aladdin
68%
1242019La reine des neiges 2
67%
491998Le roi lion 2
67%
632002Cendrillon 2
64%
712003Le roi lion 3
64%
221968Le livre de la jungle
63%
151951Alice au pays des merveilles
62%
191961Les 101 dalmatiens
62%
982010La princesse et la grenouille
59%
231971Les aristochats
59%
1042012Rebelle
59%
562000La petite sirène 2
58%
451997Hercule
56%
772004Mulan 2
56%
542000Fantasia 2000
55%
521999Tarzan
55%
862006Cars
54%
662002Peter Pan 2
54%
201964Merlin l'enchanteur
53%
291981Rox et Rouky
53%
471997La belle et la bête 2
52%
251974Robin des Bois
52%
532000Toy story 2
51%
1032011Cars 2
50%
431996Le bossu de Notre-Dame
50%
692003Le livre de la jungle 2
50%
1192017Cars 3
49%
722003Le monde de Némo
49%
652002Lilo & Stitch
49%
732004Frère des ours
47%
71948Les trois caballeros
47%
802005Tarzan 2
47%
1002010Toy story 3
47%
842006Bambi 2
46%
592001La belle et le clochard 2
46%
132003Le crapaud et le maître d'école
46%
1062012Les mondes de Ralph
46%
111951Mélodie cocktail
46%
301985Taram et le chaudron magique
46%
1022011Winnie l'ourson
46%
1202017Coco
45%
1172016Le monde de Dory
45%
91949Mélodie du sud
44%
211965Mary Poppins
43%
501998Pocahontas 2
43%
782004Les indestructibles
41%
321989Oliver et compagnie
41%
1222019Ralph 2.0
41%
932008La fée clochette
39%
892007Rox et Rouky 2
39%
311986Basil, détective privé
38%
121998Danny, le petit mouton noir
38%
81949La boite à musique
38%
622002Le bossu de Notre-Dame 2
38%
61947Saludos amigos
38%
1162016Zootopie
38%
351991Bernard et Bianca au pays des kangourous
37%
101950Coquin de printemps
37%
682002La planète au trésor
37%
391995Le retour de Jafar
37%
902007Ratatouille
37%
1142015Vice-versa
37%
672003les 101 dalmatiens 2
36%
1262020Soul
36%
261977Les aventures de Bernard et Bianca
35%
1212018Les indestructibles 2
35%
441996Aladdin et le roi des voleurs
33%
602001Kuzco, l'empereur mégalo
33%
1272021Raya et le dernier dragon
33%
1182016Vaiana, la légende du bout du monde
33%
401996Dingo et Max
32%
1082013Planes
32%
5119981001 pattes
31%
762004La ferme se rebelle
31%
972009Là-haut
31%
1112014Planes 2
31%
582000Dinosaure
30%
411995Pocahontas, une légende indienne
30%
1252020En avant
29%
612001Atlantide, l'empire perdu
28%
912007Bienvenue chez les Robinson
28%
822005Chicken Little
28%
552000Dingo et Max 2
28%
702003Les aventures de Porcinet
27%
642002Monstres & Cie
27%
832005Kuzco 2
26%
572000Les aventures de Tigrou
26%
922008Le secret de la petite sirène
26%
1102014Clochette et la fée pirate
25%
962009Clochette et la pierre de lune
25%
241972l'apprentie sorcière
25%
942008Wall.e
25%
1052012Clochette et le secret des fées
23%
742004Les aventures de Petit Gourou
23%
461997Winnie l'ourson 2
23%
1132015Clochette et la créature légendaire
22%
281979Les aventures de Winnie l'ourson
22%
1152015Le voyage d'Arlo
22%
1072013Monstres Academy
22%
852006The wild
21%
421995Toys story
20%
992010Clochette et l'expédition féerique
19%
271978Peter et Elliot le dragon
18%
952009Volt, star malgré lui
18%
752004Mickey, Donald, Dingo : les trois mousquetaires
17%
792005Winnie l'ourson et l'éfélant
15%
872006Frères des ours 2
11%
1232019Toys story 4
11%
341991La bande à Picsou, le film - Le trésor de la lampe perdue
8%
812005Lilo & Stich 2
4%
1122015Les nouveayx héros
0%
882007Le sortilèe de Cendrillon
0%

Distribution des résultats

Percentile par nombre de réponses

% des personnes avec chaque résultat

Votre développement - résultats

Vous n’avez pas pris ce quiz depuis la dernière actualisation